| 000 | 00525nam a2200181Ia 4500 | ||
|---|---|---|---|
| 001 | 19564 | ||
| 005 | 20260306172702.0 | ||
| 008 | 260306t2013||||xx |||||||||||||| ||spa|| | ||
| 041 | _aESP | ||
| 082 |
_a340.6 _bQ74A |
||
| 100 |
_aQuiroz Paz Soldán, Eusebio _eAUT |
||
| 245 | 0 |
_a102 años de historia y tradición jurídica: _bilustre Colegio de Abogados de Arequipa sucesor de la Academia Lauretana de Ciencias y Artes |
|
| 260 | _c2013 | ||
| 300 |
_a _c |
||
| 650 | _aGEN | ||
| 654 | _aCDE | ||
| 942 |
_cLIB _dJUS _fJUS _2ddc _n |
||
| 999 |
_c19564 _d19564 |
||